000 00669cab a2200265 4500
001 X19
008 090401t1991 xxu||||| |||| 00| 0 eng d
035 _a(Sirsi) u44560
041 _aeng
245 _aBoothferry BC and Malak
260 _c1991
350 _a0
490 _aPlanning Appeal Decisions
_v1991 6 PAD 461
520 _aInquiry 8-11 January 1991. Decision letter 7 March 1991.
650 _aHOTEL
650 _aHOUSING LAND
650 _aMARINA
650 _aPLANNING APPEALS
650 _aPLANNING PERMISSION
650 _aTRAFFIC
650 _aVISUAL IMPACT
690 _aPLANNING LAW AND PRACTICE
942 _n0
948 _c04/03/1997
999 _c28320
_d28320